[Event "BRA-ch U26 (Women)"]
[Site "Joinville"]
[Date "2023.10.12"]
[Round "5"]
[White "Soares, Camila Agata M"]
[Black "Muraoka, Karoline Aimy"]
[Result "1-0"]
[WhiteElo "1800"]
[BlackElo "1519"]
[PlyCount "97"]
[EventDate "2023.10.09"]
[EventType "swiss"]
[EventRounds "6"]
[EventCountry "BRA"]
[SourceTitle "Mega2024 Update 01"]
[Source "Chessbase"]
[SourceDate "2023.11.12"]
[SourceVersion "1"]
[SourceVersionDate "2023.11.12"]
[SourceQuality "1"]

1. e4 c5 2. Nf3 d6 3. Nc3 Nf6 4. d3 a6 5. Be2 e6 6. 0-0 Nbd7 7. Bf4 Be7 8. h3 b5 9. Qd2 Bb7 10. Nh2 Nb6 11. Ng4 Nfd7 12. Bf3 b4 13. Nd1 d5 14. c3 dxe4 15. dxe4 Nc4 16. Qe2 Ndb6 17. b3 Nd6 18. c4 a5 19. Nb2 0-0 20. Rad1 Qe8 21. Nd3 Ndc8 22. Qe3 Nd7 23. Rd2 a4 24. Rfd1 axb3 25. axb3 Ra3 26. Nxb4 cxb4 27. Rxd7 Bc6 28. R7d3 Na7 29. Bd6 Bxd6 30. Rxd6 Qe7 31. Ne5 Ba4 32. R6d3 Be8 33. Nd7 Nc6 34. Nxf8 Kxf8 35. e5 Na5 36. Be4 h6 37. Qg3 Qc5 38. Re3 Qc7 39. Bc2 Ra2 40. Rd2 Nc6 41. Ree2 Ra5 42. f4 Ra1+ 43. Kh2 Qb6 44. Qf2 Qc7 45. Qc5+ Kg8 46. Qd6 Qa7 47. Rf2 Ne7 48. Qxb4 Bc6 49. Rd8+ 1-0

[Event "BRA-ch U26 (Women)"]
[Site "Joinville"]
[Date "2023.10.09"]
[Round "1"]
[White "Menezes, Jessica Aparecida F"]
[Black "Muraoka, Karoline Aimy"]
[Result "0-1"]
[WhiteElo "1800"]
[BlackElo "1519"]
[PlyCount "34"]
[EventDate "2023.10.09"]
[EventType "swiss"]
[EventRounds "6"]
[EventCountry "BRA"]
[SourceTitle "Mega2024 Update 01"]
[Source "Chessbase"]
[SourceDate "2023.11.12"]
[SourceVersion "1"]
[SourceVersionDate "2023.11.12"]
[SourceQuality "1"]

1. e4 c5 2. d3 d6 3. Nf3 Nf6 4. e5 dxe5 5. Nxe5 e6 6. h3 a6 7. h4 Bd6 8. f4 Qc7 9. Nc3 Bxe5 10. fxe5 Qxe5+ 11. Ne4 Nxe4 12. Qe2 Qg3+ 13. Qf2 Qxf2+ 14. Kd1 Ng3 15. Rh3 Qxf1+ 16. Kd2 Qf2+ 17. Kd1 Qe2# 0-1

[Event "Florianopolis op 8th"]
[Site "Florianopolis"]
[Date "2022.01.28"]
[Round "7"]
[White "Rodrigues, Julliano de Araujo"]
[Black "Muraoka, Karoline Aimy"]
[Result "1-0"]
[WhiteElo "1894"]
[BlackElo "1543"]
[PlyCount "61"]
[EventDate "2022.01.24"]
[EventType "swiss"]
[EventRounds "10"]
[EventCountry "BRA"]
[SourceTitle "EXT 2023"]
[Source "ChessBase"]
[SourceDate "2022.10.05"]
[SourceVersion "1"]
[SourceVersionDate "2022.10.05"]
[SourceQuality "1"]

1. e4 c5 2. Nf3 d6 3. d4 cxd4 4. Nxd4 Nf6 5. Nc3 a6 6. Be3 e6 7. g4 b5 8. g5 Nfd7 9. a3 Bb7 10. h4 Nc5 11. f3 Nbd7 12. b4 Na4 13. Nxa4 bxa4 14. c4 Nb6 15. Bd3 Rc8 16. Rc1 Be7 17. Qd2 Nd7 18. Qe2 Ne5 19. Bb1 Qc7 20. Ba2 d5 21. exd5 exd5 22. Bf4 Nd3+ 23. Qxd3 Qxf4 24. Ne2 Qd6 25. c5 Qc6 26. Nd4 Qc7 27. Kf2 0-0 28. Rce1 Rce8 29. Nf5 Qd7 30. Bb1 f6 31. Nh6+ 1-0

[Event "Florianopolis op 8th"]
[Site "Florianopolis"]
[Date "2022.01.24"]
[Round "1"]
[White "Muraoka, Karoline Aimy"]
[Black "Dias, Anderson Tatsch"]
[Result "0-1"]
[WhiteElo "1543"]
[BlackElo "2102"]
[PlyCount "104"]
[EventDate "2022.01.24"]
[EventType "swiss"]
[EventRounds "10"]
[EventCountry "BRA"]
[SourceTitle "CBM 206 Extra"]
[Source "ChessBase"]
[SourceDate "2022.03.31"]
[SourceVersion "1"]
[SourceVersionDate "2022.03.31"]
[SourceQuality "1"]

1. e4 c5 2. Nf3 e6 3. d4 cxd4 4. Nxd4 Nf6 5. Nc3 Bb4 6. Bd3 Nc6 7. Nde2 d5 8. exd5 Nxd5 9. a3 Be7 10. Be4 Nf6 11. Qxd8+ Bxd8 12. Bd3 a6 13. h3 Ne5 14. Be4 Nxe4 15. Nxe4 Be7 16. Bf4 Nc4 17. 0-0-0 b5 18. Nd6+ Nxd6 19. Bxd6 Bb7 20. f3 Rc8 21. Kb1 Bd5 22. Bxe7 Kxe7 23. Nc3 Bb7 24. Rd2 Rhd8 25. Rhd1 Rxd2 26. Rxd2 Rc4 27. Ne2 g5 28. Rd4 Bd5 29. b3 Rxd4 30. Nxd4 Kd6 31. Kb2 e5 32. Nf5+ Kc5 33. Kc3 Be6 34. Ng3 f5 35. Kd3 a5 36. Kc3 h6 37. Kd3 Bd7 38. Kc3 b4+ 39. axb4+ axb4+ 40. Kd3 Bb5+ 41. c4 bxc3+ 42. Kxc3 Bd7 43. b4+ Kd5 44. Nh5 Bb5 45. g3 Be2 46. Nf6+ Ke6 47. Ne8 Bxf3 48. Ng7+ Kf6 49. Nxf5 Kxf5 50. Kd3 Bg2 51. h4 gxh4 52. gxh4 Kg4 0-1

[Event "BRA-ch (Women) 60th"]
[Site "Cuiaba"]
[Date "2021.10.31"]
[Round "6"]
[White "Da Silva, Debora Oliveira Lop"]
[Black "Muraoka, Karoline Aimy"]
[Result "0-1"]
[WhiteElo "1389"]
[BlackElo "1821"]
[PlyCount "40"]
[EventDate "2021.10.28"]
[EventType "swiss"]
[EventRounds "11"]
[EventCountry "BRA"]
[SourceTitle "CBM 205 Extra"]
[Source "ChessBase"]
[SourceDate "2022.01.31"]
[SourceVersion "1"]
[SourceVersionDate "2022.01.31"]
[SourceQuality "1"]

1. e4 c5 2. Nf3 d6 3. d4 cxd4 4. Nxd4 Nf6 5. Nc3 a6 6. Be3 e6 7. a4 b6 8. f4 Bb7 9. Qf3 Nbd7 10. g3 Rc8 11. 0-0-0 Rxc3 12. bxc3 Bxe4 13. Qf2 Bxh1 14. Bxa6 Ba8 15. Qe2 d5 16. Bf2 Ba3+ 17. Kb1 Ne4 18. Rd3 Nxf2 19. Qxf2 0-0 20. Nb5 Be7 0-1

[Event "BRA-ch (Women) 60th"]
[Site "Cuiaba"]
[Date "2021.10.30"]
[Round "4"]
[White "Penha, Evelyn Maximiano"]
[Black "Muraoka, Karoline Aimy"]
[Result "1/2-1/2"]
[WhiteElo "1672"]
[BlackElo "1821"]
[PlyCount "58"]
[EventDate "2021.10.28"]
[EventType "swiss"]
[EventRounds "11"]
[EventCountry "BRA"]
[SourceTitle "CBM 205 Extra"]
[Source "ChessBase"]
[SourceDate "2022.01.31"]
[SourceVersion "1"]
[SourceVersionDate "2022.01.31"]
[SourceQuality "1"]

1. e4 c5 2. Nc3 d6 3. f4 Nc6 4. Nf3 e6 5. d4 cxd4 6. Nxd4 Nf6 7. Be3 Be7 8. Be2 a6 9. a4 Qc7 10. Bf3 Rb8 11. 0-0 Nxd4 12. Bxd4 0-0 13. Kh1 b6 14. Qd2 Bb7 15. Qf2 Ba8 16. Rad1 Nd7 17. Qg3 Bf6 18. Bxf6 Nxf6 19. Rd3 b5 20. axb5 axb5 21. e5 dxe5 22. fxe5 Nd5 23. Nxd5 Bxd5 24. Bxd5 exd5 25. Rc3 Qe7 26. Rcf3 Rb6 27. Rf6 Re6 28. Rxe6 fxe6 29. Rxf8+ Qxf8 1/2-1/2

[Event "Ponta Pora-ch"]
[Site "Ponta Pora"]
[Date "2019.07.19"]
[Round "1"]
[White "Muraoka, Karoline Aimy"]
[Black "Ramirez, Jorge Guillermo"]
[Result "0-1"]
[WhiteElo "1787"]
[BlackElo "1843"]
[PlyCount "42"]
[EventDate "2019.07.19"]
[EventType "swiss"]
[EventRounds "5"]
[EventCountry "BRA"]
[SourceTitle "EXT 2020"]
[Source "ChessBase"]
[SourceDate "2019.10.17"]
[SourceVersion "1"]
[SourceVersionDate "2019.10.17"]
[SourceQuality "1"]

1. e4 c5 2. Nf3 Nc6 3. d4 cxd4 4. Nxd4 g6 5. Nc3 Bg7 6. Be3 Nf6 7. f3 0-0 8. Qd2 d5 9. exd5 Nxd5 10. Nxd5 Qxd5 11. Nxc6 Qxc6 12. 0-0-0 Be6 13. Kb1 Qa4 14. a3 Rac8 15. Bd3 Rfd8 16. h4 Bc4 17. Qe2 Qb5 18. b3 Qe5 19. c3 Bxb3 20. Rc1 Rxc3 21. f4 Rxc1+ 0-1

[Event "Campo Grande op"]
[Site "Campo Grande"]
[Date "2019.03.29"]
[Round "1"]
[White "Gazineu Neto, Rubens"]
[Black "Muraoka, Karoline Aimy"]
[Result "1-0"]
[WhiteElo "1949"]
[BlackElo "1800"]
[PlyCount "63"]
[EventDate "2019.03.29"]
[EventType "swiss"]
[EventRounds "5"]
[EventCountry "BRA"]
[SourceTitle "CBM 190 Extra"]
[Source "ChessBase"]
[SourceDate "2019.07.15"]
[SourceVersion "1"]
[SourceVersionDate "2019.07.15"]
[SourceQuality "1"]

1. e4 c5 2. Nf3 d6 3. d4 cxd4 4. Nxd4 Nf6 5. Nc3 a6 6. Bg5 e6 7. f4 Nbd7 8. Qf3 Qb6 9. 0-0-0 Be7 10. Bc4 h6 11. Bh4 g5 12. fxg5 hxg5 13. Bf2 Ne5 14. Qe2 Qc7 15. Bb3 b5 16. Nf3 Nfd7 17. a3 Bb7 18. h3 Nxf3 19. gxf3 Nc5 20. Ba2 Rc8 21. Bd4 e5 22. Be3 Nd7 23. Bd5 Nb6 24. Bxb7 Qxb7 25. Bxb6 Qxb6 26. Nd5 Qb7 27. Qd2 Rc6 28. Kb1 Qc8 29. Nxe7 Kxe7 30. Qxg5+ Ke8 31. Qg7 Rxh3 32. Qg8+ 1-0